-
JAIN, DR. A.K AND SURI, PROF. R.K
Entry Personal Name
Number of records used in: 1
001 - CONTROL NUMBER
003 - CONTROL NUMBER IDENTIFIER
005 - DATE AND TIME OF LATEST TRANSACTION
- control field:
20251008180427.0
008 - FIXED-LENGTH DATA ELEMENTS
- fixed length control field:
251008|| aca||aabn | a|a d
040 ## - CATALOGING SOURCE
- Original cataloging agency:
JRU
- Transcribing agency:
JRU
100 ## - HEADING--PERSONAL NAME
- Personal name:
JAIN, DR. A.K AND SURI, PROF. R.K
670 ## - SOURCE DATA FOUND
- Source citation:
Work cat.: (JRU)8899: JAIN, DR. A.K AND SURI, PROF. R.K, BASIC ANATOMY AND PHYSIOLOGY